| 000 | 00449nam a2200181Ia 4500 | ||
|---|---|---|---|
| 003 | GCL | ||
| 008 | 140319s9999 xx 000 0 eng d | ||
| 040 |
_aGCL / _cGCL |
||
| 082 | 0 | 4 |
_a909.82 _bL O |
| 100 | 1 | _aLEFFLER, MELVYN | |
| 245 | 1 | 0 |
_aORIGINS OF THE COLD WAR / _cLEFFLER, MELVYN |
| 700 | 1 | _aPAINTERM DAVID | |
| 260 |
_a[S.N] : _bROUTLEDGE ، _c1995 |
||
| 300 | _a322 | ||
| 650 | 0 | 4 | _aWORLD POLITICS |
| 650 | 0 | 4 | _aCOLD WAR |
| 942 |
_2ddc _cBK |
||
| 999 |
_c10835 _d10835 |
||